|
|
|
|
| LEADER |
00000nam a2200000 a 4500 |
| 001 |
vtls010582633 |
| 003 |
SK-MaSNL |
| 005 |
20260301101010.0 |
| 008 |
240315s1963 xo 000 0 slo |
| 015 |
|
|
|a SNBA1963
|
| 040 |
|
|
|a SNK
|b slo
|c SNK
|e AACR2
|
| 041 |
0 |
|
|a slo
|
| 044 |
|
|
|a xo
|c SK
|
| 080 |
|
|
|a 556.537(437.6)
|2 1981
|
| 080 |
|
|
|a 627.81
|2 1981
|
| 100 |
1 |
|
|a Pirkovský, Michal,
|d 1920-1973
|4 aut
|9 185660
|
| 245 |
1 |
0 |
|a Výskum nanášania koryta rieky Hnilca v Jaklovciach
|b (na konci vzdutia do vodného diela Ružín) : záverečná správa
|c Michal Pirkovský
|
| 260 |
|
|
|a Bratislava
|b Výskumný ústav vodohospodársky
|c 1963
|
| 300 |
|
|
|a 50 s.
|c 4°
|
| 650 |
0 |
7 |
|a riečné korytá
|2 SNK
|9 83932
|
| 650 |
0 |
7 |
|a rastlinná výroba
|2 SNKPH
|9 2835
|
| 651 |
|
7 |
|a Hnilec (Slovensko)
|2 SNKPH
|9 56946
|
| 651 |
|
7 |
|a Ružín I (Slovensko : vodné dielo)
|2 SNK
|9 26830
|
| 655 |
|
7 |
|a výskumné správy
|2 SNKPH
|9 70491
|
| 958 |
|
|
|a OND
|
| 999 |
|
|
|c 687988
|d 689918
|
| 952 |
|
|
|a SNK
|b SNK
|y PREZ
|7 0
|p 17A0771851
|o snkSB 37291
|0 0
|1 0
|4 0
|d 2014-03-13
|f 1
|l 0
|r 2025-04-16 00:00:00
|w 2026-02-23
|